000 00383nam a2200133 a 4500
001 000031275
005 20200930062822.0
008 110617s2009 dr ac 000 0 spa d
040 _aDO-SdBNP
_bspa
_cBNPHU
245 0 0 _aMemoria 2008-09 :
_babriendo surcos de esperanza.
260 _aSanto Domingo :
_bSur Futuro,
_c[2009].
300 _a67 p. :
_bil., retrs. ;
_c30 cm.
049 _aBNPD
999 _c30767
_d30767